Načítá se...
Aanayeum pappanum : Elephant and mahout
| Hlavní autoři: | , |
|---|---|
| Médium: | Printed Book |
| Jazyk: | Undetermined |
| Vydáno: |
Elephant study centre, KAU
2004
Mannuthy |
| Témata: |
| LEADER | 00711nam a2200253Ia 4500 | ||
|---|---|---|---|
| 008 | 141122s9999 xx 000 0 und d | ||
| 040 | |c . | ||
| 041 | |a English | ||
| 041 | |a Kannada | ||
| 082 | |a 636.967 | ||
| 082 | |b AJI/AM | ||
| 100 | |a Kumar G Ajith | ||
| 100 | |a T P Sethumadhavan | ||
| 245 | |a Aanayeum pappanum : Elephant and mahout | ||
| 245 | |c Kumar G Ajith | ||
| 260 | |b Elephant study centre, KAU | ||
| 260 | |b Mannuthy | ||
| 260 | |c 2004 | ||
| 300 | |a 112 Pages | ||
| 650 | |a ELEPHANT | ||
| 650 | |a LPM | ||
| 942 | |c BK | ||
| 999 | |c 2082 |d 2082 | ||
| 952 | |0 0 |1 0 |4 0 |6 636_967000000000000_AJIAM |7 0 |9 2059 |a COVAS |b COVAS |d 0000-00-00 |l 6 |m 2 |o 636.967 AJI/AM |p 17191 |r 2019-09-19 |s 2019-08-20 |w 2014-11-26 |y BK | ||